000 00819nam a22002537a 4500
001 BR2014003288
003 BR-BrBNA
005 20230928104446.0
007 ta
008 230509b bl.||||| |||| 00| 0 por d
040 _aBR-BrBNA
_bpor
_cBiblioteca Nacional de Agricultura
041 _a(Por)
072 _aE20
_b8968
090 _ 8968 BR2014003288
110 1 _aMinistério da Indústria e do Comércio, Brasília, DF (Brasil). Conselho de Desenvolvimento Industrial
245 1 _aAnálise dos setores industriais. Estrutura, desempenho, problemas. A indústria de couro, pele e produtos similares - 1980/81
260 3 _aBrasília, DF (Brasil):
_c1983.
300 _a315 p.
500 _a90 tables
650 _aINDÚSTRIA
650 _aCURTUME
909 _a202309
_bLucia
_c55
_dLucia Elande
942 _cBK
999 _c80025
_d80025